| 000 | 00563cam a22001693 4500 | ||
|---|---|---|---|
| 001 | tmp82011446 | ||
| 003 | DLC | ||
| 005 | 20260227112752.0 | ||
| 008 | 891002s1909 xx 000 0 eng | ||
| 010 | _atmp82011446 | ||
| 040 |
_aDLC _cCarP _dDLC |
||
| 050 | 0 | 0 |
_aTJ1218 _b.C7 |
| 100 | 1 |
_aColvin, Fred H. _q(Fred Herbert), _d1867-1965. |
|
| 245 | 1 | 0 |
_aEngine lathe work : _bpractical suggestions which will give the young machinist or apprentice the foundation principles of engine lathe work / _cby Fred H. Colvin. |
| 260 |
_a[n. p.] _c1909. |
||
| 300 |
_a1 v. _bcm. |
||
| 999 |
_c91001 _d91001 |
||